[Event "XXV Festival Conca della Presolana A"]
[Site "Bratto - Castione della Presolana ITA"]
[Date "2005.08.22"]
[Round "3"]
[White "Andreoli, Renato"]
[Black "Salvador, Roland"]
[Result "0-1"]
[WhiteElo "2154"]
[BlackElo "2416"]
[PlyCount "62"]
[EventDate "2005.08.20"]

1. Nf3 c5 2. g3 Nc6 3. Bg2 e5 4. c4 e4 5. Nh4 Be7 6. Nf5 d5 7. Nxe7 Ngxe7 8.
cxd5 Nxd5 9. Bxe4 Bh3 10. Nc3 Nde7 11. d3 O-O 12. Be3 Nd4 13. Bxd4 cxd4 14. Nb1
f5 15. Bf3 g5 16. Rg1 Kh8 17. Nd2 Ng6 18. Rc1 Ne5 19. Bh1 Nxd3+ 20. exd3 Re8+
21. Ne4 Qd5 22. Qa4 fxe4 23. Bxe4 b5 24. Qa6 Rxe4+ 25. dxe4 Qxe4+ 26. Kd2 Rf8
27. Rgf1 Bxf1 28. Rxf1 d3 29. Qd6 Qe2+ 30. Kc3 Rc8+ 31. Kd4 Rc4+ 0-1

[Event "XXV Festival Conca della Presolana A"]
[Site "Bratto - Castione della Presolana ITA"]
[Date "2005.08.22"]
[Round "3"]
[White "Ardaman, Miles"]
[Black "Alberton, Roberto"]
[Result "1-0"]
[WhiteElo "2308"]
[BlackElo "2108"]
[PlyCount "77"]
[EventDate "2005.08.20"]

1. g3 c5 2. Bg2 Nc6 3. Nc3 g6 4. a3 e6 5. e4 Bg7 6. Nge2 Nge7 7. d3 d6 8. Bg5
h6 9. Be3 Nd4 10. Rb1 O-O 11. Qd2 Kh7 12. b4 Nec6 13. O-O Rb8 14. f4 f5 15.
bxc5 dxc5 16. e5 b6 17. a4 Bb7 18. Nb5 Nxb5 19. axb5 Ne7 20. c4 Bxg2 21. Kxg2
Rb7 22. Rb3 Rd7 23. Ra3 Rg8 24. Ng1 Bf8 25. Nf3 Nc8 26. h3 Be7 27. g4 Rg7 28.
Qe2 Kg8 29. Rd1 Rd4 30. Ra2 Bf8 31. Nxd4 cxd4 32. Bc1 g5 33. fxg5 hxg5 34. Rf1
f4 35. Qe4 Qd7 36. h4 gxh4 37. Kh3 Ne7 38. Bxf4 Ng6 39. Bh6 1-0

[Event "XXV Festival Conca della Presolana A"]
[Site "Bratto - Castione della Presolana ITA"]
[Date "2005.08.22"]
[Round "3"]
[White "Atalik, Suat"]
[Black "Gromovs, Sergejs"]
[Result "1-0"]
[WhiteElo "2561"]
[BlackElo "2375"]
[PlyCount "62"]
[EventDate "2005.08.20"]

1. d4 d5 2. c4 c6 3. Nf3 Nf6 4. e3 e6 5. Bd3 Bd6 6. Nc3 Nbd7 7. e4 dxe4 8. Nxe4
Nxe4 9. Bxe4 Nf6 10. Bc2 Bb4+ 11. Bd2 Bxd2+ 12. Qxd2 O-O 13. O-O-O b6 14. g4
Bb7 15. g5 Nh5 16. Rhg1 g6 17. Ne5 Qd6 18. Ng4 Rfd8 19. Nf6+ Nxf6 20. gxf6 c5
21. dxc5 Qxd2+ 22. Rxd2 Rxd2 23. Kxd2 Rd8+ 24. Ke3 bxc5 25. Rd1 Rxd1 26. Bxd1
g5 27. Bf3 Bc8 28. Bc6 h5 29. Ke4 Kh7 30. Ke5 g4 31. Kd6 Kg6 1-0

[Event "XXV Festival Conca della Presolana A"]
[Site "Bratto - Castione della Presolana ITA"]
[Date "2005.08.22"]
[Round "3"]
[White "Baldazzi, Stefano"]
[Black "Mogranzini, Roberto"]
[Result "0-1"]
[WhiteElo "2165"]
[BlackElo "2363"]
[PlyCount "141"]
[EventDate "2005.08.20"]

1. c4 Nf6 2. g3 g6 3. Bg2 Bg7 4. Nc3 O-O 5. e4 d6 6. Nge2 c6 7. d3 a6 8. O-O e5
9. a4 a5 10. h3 Na6 11. Be3 Nb4 12. f4 Nd7 13. f5 Nc5 14. Nc1 b6 15. Qd2 f6 16.
N3a2 Nxa2 17. Rxa2 Ra7 18. Ne2 Na6 19. Nc3 Nb4 20. Raa1 gxf5 21. exf5 d5 22.
cxd5 cxd5 23. d4 Ba6 24. Rfc1 e4 25. Bf1 Bxf1 26. Rxf1 Rc7 27. Rf4 Kh8 28. Rg4
Rff7 29. Bf4 Rc4 30. Rf1 Bf8 31. Be3 Nd3 32. Qe2 Bb4 33. Nxe4 dxe4 34. Rxe4 Qc7
35. Rg4 Nc1 36. Qd1 Na2 37. Qb1 Rg7 38. Rxg7 Kxg7 39. Kh2 Rc2+ 40. Rf2 Rxf2+
41. Bxf2 Qc4 42. Qe4 Bd6 43. Qe8 Qc7 44. Qe4 Nb4 45. Qg4+ Kh8 46. Qh4 Qe7 47.
Kg2 Nd3 48. b3 Nxf2 49. Kxf2 Bb4 50. Kf3 Qf7 51. Ke4 Qb7+ 52. Ke3 Qc6 53. g4
Qc3+ 54. Ke4 Qc2+ 55. Kd5 Qxb3+ 56. Kc6 Qc4+ 57. Kxb6 Qxd4+ 58. Kc7 Bd6+ 59.
Kc8 Be5 60. Qh6 Qd6 61. Kb7 Qc7+ 62. Ka6 Qc6+ 63. Ka7 Bd4+ 64. Kb8 Qe8+ 65. Kc7
Qe7+ 66. Kc6 Be3 67. Qh5 Kg7 68. Qh4 Qe4+ 69. Kd6 Bf4+ 70. Kc5 Bg5 71. Qh5 0-1

[Event "XXV Festival Conca della Presolana A"]
[Site "Bratto - Castione della Presolana ITA"]
[Date "2005.08.22"]
[Round "3"]
[White "Bartolozzi, Roberto"]
[Black "Cereda, Loris"]
[Result "1-0"]
[WhiteElo "2126"]
[BlackElo "2059"]
[PlyCount "138"]
[EventDate "2005.08.20"]

1. Nf3 Nf6 2. d4 d5 3. Bg5 c6 4. e3 Bf5 5. Nbd2 Nbd7 6. Be2 e6 7. O-O Be7 8. c4
Qc7 9. Rc1 h6 10. Bf4 Bd6 11. Bxd6 Qxd6 12. c5 Qc7 13. b4 O-O 14. a4 e5 15.
dxe5 Nxe5 16. Nxe5 Qxe5 17. Nf3 Qc7 18. Nd4 Bh7 19. Bd3 Bxd3 20. Qxd3 Ng4 21.
Nf3 Ne5 22. Nxe5 Qxe5 23. b5 Rfe8 24. Rfd1 Rad8 25. Rb1 Rb8 26. Rb4 Qc7 27. Rc1
Qa5 28. Qb3 Qc7 29. Qd3 Qa5 30. Rg4 Qc7 31. Qc3 Qe5 32. Qa5 Qb2 33. Rf1 b6 34.
Qxa7 bxc5 35. Qxc5 cxb5 36. Rb4 Qe5 37. axb5 Rec8 38. Qd4 Qd6 39. b6 Qc5 40. b7
Rc7 41. Qxc5 Rxc5 42. Ra1 Rc7 43. Rab1 Kf8 44. Kf1 Ke7 45. R1b2 h5 46. Ke2 g6
47. Kd3 Kd6 48. Kd4 Rd7 49. Rb6+ Ke7 50. Kc5 f6 51. R2b5 g5 52. Kb4 d4 53. exd4
Rxd4+ 54. Ka5 Rd2 55. Rc6 Ra2+ 56. Kb6 Rxf2 57. Kc7 Rxb7+ 58. Rxb7 Kf7 59. Rbb6
Kg6 60. Kd7 g4 61. h4 gxh3 62. gxh3 Kg5 63. Rc4 Rh2 64. Rb5+ f5 65. Ke6 Rf2 66.
h4+ Kg6 67. Ke5 Re2+ 68. Kf4 Rf2+ 69. Kg3 Rf1 1-0

[Event "XXV Festival Conca della Presolana A"]
[Site "Bratto - Castione della Presolana ITA"]
[Date "2005.08.22"]
[Round "3"]
[White "Bentivegna, Francesco"]
[Black "Fuggetta, Leonardo"]
[Result "1-0"]
[WhiteElo "2225"]
[BlackElo "2048"]
[PlyCount "99"]
[EventDate "2005.08.20"]

1. e4 d6 2. d4 Nf6 3. Nc3 Nbd7 4. g4 h6 5. h3 e5 6. Nge2 c6 7. Bg2 Qc7 8. O-O
g5 9. Ng3 Nb6 10. Be3 Be7 11. b3 O-O 12. Qd2 Nh7 13. a4 a5 14. Rad1 Rd8 15. f3
Nf8 16. Qf2 Ra6 17. dxe5 dxe5 18. Nb5 cxb5 19. axb5 Rxd1 20. Rxd1 Nc4 21. bxc4
Rd6 22. Rxd6 Qxd6 23. Qe1 Qa3 24. Kh2 Bb4 25. Bd2 Be6 26. Bxb4 axb4 27. c5 b3
28. cxb3 Qxc5 29. Bf1 Qc2+ 30. Qe2 Qxe2+ 31. Bxe2 Bxb3 32. Nf5 Kh7 33. Nd6 b6
34. Bc4 Bxc4 35. Nxc4 Nd7 36. h4 f6 37. h5 Kg7 38. Kg2 Kf8 39. Kf2 Ke7 40. Ne3
Nc5 41. Nd5+ Ke6 42. Nxb6 Nd7 43. Nd5 Kd6 44. Ke2 Kc5 45. b6 Nxb6 46. Nxf6 Kd4
47. Ng8 Nd7 48. Nxh6 Nf8 49. Nf7 Nh7 50. Kd2 1-0

[Event "XXV Festival Conca della Presolana A"]
[Site "Bratto - Castione della Presolana ITA"]
[Date "2005.08.22"]
[Round "3"]
[White "Bonanno, Alessandro"]
[Black "Rombaldoni, Denis"]
[Result "1-0"]
[WhiteElo "2132"]
[BlackElo "2327"]
[PlyCount "55"]
[EventDate "2005.08.20"]

1. e4 c6 2. d4 d5 3. e5 Bf5 4. Nc3 h5 5. Nf3 e6 6. Be3 Nh6 7. Bd3 Bxd3 8. cxd3
Be7 9. O-O Nf5 10. Qd2 g5 11. Bxg5 Bxg5 12. Nxg5 Nxd4 13. f4 c5 14. Rae1 Nf5
15. Nb5 Nc6 16. Qc3 Ncd4 17. Qxc5 Rc8 18. Nd6+ Nxd6 19. Qxd6 Qxd6 20. exd6 Kd7
21. Nxf7 Rhf8 22. Ne5+ Kxd6 23. Rf2 Rc7 24. g3 Rfc8 25. Nf3 Rc1 26. Rxc1 Rxc1+
27. Kg2 Kc5 28. b4+ 1-0

[Event "XXV Festival Conca della Presolana A"]
[Site "Bratto - Castione della Presolana ITA"]
[Date "2005.08.22"]
[Round "3"]
[White "Bonazzi, Edoardo"]
[Black "Mantovani, Renzo"]
[Result "0-1"]
[WhiteElo "2143"]
[BlackElo "2371"]
[PlyCount "74"]
[EventDate "2005.08.20"]

1. Nf3 Nf6 2. c4 b6 3. g3 c5 4. Bg2 Bb7 5. O-O g6 6. Nc3 Bg7 7. d4 cxd4 8. Qxd4
d6 9. Be3 Nbd7 10. Rac1 Rc8 11. Qh4 h6 12. b3 a6 13. Rfd1 Nc5 14. Nd5 Ncd7 15.
Qd4 O-O 16. Nxf6+ Bxf6 17. Qd2 h5 18. Bd4 Kg7 19. Bxf6+ Nxf6 20. Qd4 Kg8 21.
Ne1 Bxg2 22. Nxg2 Rc5 23. Ne3 Qc7 24. b4 Rc6 25. Rc2 Rc8 26. Rdc1 Qd7 27. Kg2
b5 28. Qd3 Qe6 29. cxb5 Rxc2 30. Rxc2 Rxc2 31. Qxc2 axb5 32. a4 bxa4 33. Qxa4
Qe4+ 34. Kg1 d5 35. Qb3 d4 36. Nc4 Qxe2 37. b5 Ne4 0-1

[Event "XXV Festival Conca della Presolana A"]
[Site "Bratto - Castione della Presolana ITA"]
[Date "2005.08.22"]
[Round "3"]
[White "Borgo, Giulio"]
[Black "Groszpeter, Attila"]
[Result "1/2-1/2"]
[WhiteElo "2380"]
[BlackElo "2525"]
[PlyCount "38"]
[EventDate "2005.08.20"]

1. e4 c6 2. d4 d5 3. Nd2 dxe4 4. Nxe4 Bf5 5. Ng3 Bg6 6. h4 h6 7. Nh3 e6 8. Nf4
Bh7 9. Bc4 Nf6 10. c3 Nbd7 11. Qe2 Bd6 12. Nfh5 O-O 13. Bf4 Bxf4 14. Nxf4 c5
15. dxc5 Qc7 16. Nd3 Nxc5 17. Nxc5 Qxc5 18. Rd1 Rfd8 19. O-O Qc7 1/2-1/2

[Event "XXV Festival Conca della Presolana A"]
[Site "Bratto - Castione della Presolana ITA"]
[Date "2005.08.22"]
[Round "3"]
[White "Bracali, Andrea"]
[Black "Turci, Alberto"]
[Result "1-0"]
[WhiteElo "2119"]
[BlackElo "2013"]
[PlyCount "45"]
[EventDate "2005.08.20"]

1. Nf3 e6 2. d4 f5 3. d5 d6 4. dxe6 Bxe6 5. Ng5 Qd7 6. Nxe6 Qxe6 7. g3 Nf6 8.
Bg2 c6 9. Nd2 d5 10. O-O Bd6 11. Nf3 Ne4 12. c4 dxc4 13. Nd4 Qf6 14. Nxf5 Qxf5
15. Bxe4 Qxe4 16. Qxd6 Qe7 17. Qd4 b5 18. b3 cxb3 19. axb3 a6 20. Ba3 Qd7 21.
Qe5+ Kf7 22. Rad1 Qe6 23. Qc7+ 1-0

[Event "XXV Festival Conca della Presolana A"]
[Site "Bratto - Castione della Presolana ITA"]
[Date "2005.08.22"]
[Round "3"]
[White "Bresciani, Nicola"]
[Black "Osuna Munoz, Xavier"]
[Result "1-0"]
[WhiteElo "2289"]
[BlackElo "2092"]
[PlyCount "51"]
[EventDate "2005.08.20"]

1. e4 c5 2. Nf3 Nc6 3. d4 cxd4 4. Nxd4 e5 5. Nb5 a6 6. Nd6+ Bxd6 7. Qxd6 Qf6 8.
Qd1 Qg6 9. Nc3 Nge7 10. h4 h5 11. Bg5 d6 12. Qd2 O-O 13. O-O-O f6 14. Bc4+ Kh8
15. Be3 b5 16. Bb3 b4 17. Nd5 Nxd5 18. Qxd5 Bb7 19. Qxd6 Rac8 20. Be6 Qxe4 21.
Bxc8 Rxc8 22. Qd3 Nd4 23. Bxd4 exd4 24. f3 Qf4+ 25. Kb1 Rd8 26. Qg6 1-0

[Event "XXV Festival Conca della Presolana A"]
[Site "Bratto - Castione della Presolana ITA"]
[Date "2005.08.22"]
[Round "3"]
[White "Buchicchio, Giampaolo"]
[Black "Kidane, Robel"]
[Result "1/2-1/2"]
[WhiteElo "2326"]
[BlackElo "2120"]
[PlyCount "66"]
[EventDate "2005.08.20"]

1. e4 c5 2. c3 Nf6 3. e5 Nd5 4. d4 cxd4 5. Nf3 Nc6 6. cxd4 d6 7. Bc4 Nb6 8. Bb3
dxe5 9. d5 Na5 10. Nc3 Nxb3 11. Qxb3 e6 12. Nxe5 exd5 13. Be3 Bd6 14. Qb5+ Kf8
15. O-O-O Be6 16. Rhe1 Rc8 17. Kb1 Qc7 18. Qe2 a6 19. Bxb6 Qxb6 20. Nxd5 Qc5
21. Rc1 Qxd5 22. Rxc8+ Ke7 23. Rxh8 Qxa2+ 24. Kc1 Qa1+ 25. Kc2 Qa4+ 26. Kb1
Qa2+ 27. Kc2 Qa4+ 28. Kd2 Qa5+ 29. Kd3 Qb5+ 30. Ke4 Qxe5+ 31. Kd3 Qb5+ 32. Kc2
Qa4+ 33. Kb1 Qa2+ 1/2-1/2

[Event "XXV Festival Conca della Presolana A"]
[Site "Bratto - Castione della Presolana ITA"]
[Date "2005.08.22"]
[Round "3"]
[White "Capone, Vincenzo"]
[Black "Tagliagambe, Stefano"]
[Result "0-1"]
[WhiteElo "2123"]
[BlackElo "2055"]
[PlyCount "122"]
[EventDate "2005.08.20"]

1. e4 c5 2. Nf3 e6 3. d4 cxd4 4. Nxd4 Qb6 5. Nb3 Qc7 6. g3 Nf6 7. Bg2 b6 8. O-O
Bb7 9. Re1 d6 10. a4 a6 11. Na3 Nbd7 12. Bf4 Be7 13. Qe2 O-O 14. Rad1 Rac8 15.
g4 Ne5 16. g5 Nfd7 17. Rd4 Ng6 18. Be3 e5 19. Rd2 f5 20. gxf6 Rxf6 21. Bf1 Nh4
22. f4 exf4 23. Bf2 Rg6+ 24. Kh1 Ne5 25. Nd4 d5 26. Ne6 Qd6 27. Nxf4 Nef3 28.
e5 Qxe5 29. Qxe5 Nxe5 30. Bxh4 d4+ 31. Bg2 Bxg2+ 32. Nxg2 Bxa3 33. Rxe5 Bxb2
34. Nf4 Rg4 35. Bg3 Bc1 36. Rxd4 Bb2 37. Red5 Bxd4 38. Rxd4 g5 39. Ne6 Rxd4 40.
Nxd4 Rc4 41. Ne6 Rxc2 42. Nxg5 Rc4 43. Bf2 Rxa4 44. Bxb6 Rg4 45. Nf3 Kf8 46.
Ne5 Rg5 47. Bd4 Ke7 48. h4 Rg8 49. Nf3 a5 50. Kh2 a4 51. Kh3 Ke6 52. Ng5+ Kd5
53. Ba1 h6 54. Nf7 Rg1 55. Bb2 Rb1 56. Bh8 h5 57. Kg3 a3 58. Nh6 Rb4 59. Nf5 a2
60. Ba1 Rb1 61. Bg7 Rg1+ 0-1

[Event "XXV Festival Conca della Presolana A"]
[Site "Bratto - Castione della Presolana ITA"]
[Date "2005.08.22"]
[Round "3"]
[White "Cardili, Mariano"]
[Black "Defend, Guerrino"]
[Result "1-0"]
[WhiteElo "2076"]
[BlackElo "2000"]
[PlyCount "99"]
[EventDate "2005.08.20"]

1. d4 g6 2. c4 Bg7 3. Nc3 d6 4. e4 Nc6 5. Be3 e5 6. d5 Nce7 7. Nge2 f5 8. f3
Nf6 9. Nc1 O-O 10. Be2 fxe4 11. Nxe4 Nxe4 12. fxe4 c6 13. Nd3 c5 14. Bf3 Bd7
15. O-O Kh8 16. Qd2 Ng8 17. b4 b6 18. b5 Qc8 19. Nf2 h5 20. a4 Kh7 21. a5 Bh6
22. Ra3 Bxe3 23. Qxe3 Nh6 24. Rfa1 Qb7 25. Qd2 a6 26. axb6 axb5 27. Ra7 Rxa7
28. Rxa7 Qc8 29. b7 Qc7 30. b8=Q Qxb8 31. Rxd7+ Nf7 32. cxb5 Qxb5 33. Ra7 c4
34. h4 Kg8 35. Rc7 Ra8 36. Qc2 Qb6 37. Rxc4 Ra1+ 38. Bd1 Qe3 39. Kf1 Qg3 40.
Qc3 Qxc3 41. Rxc3 g5 42. hxg5 Nxg5 43. Rg3 Kh7 44. Rxg5 Kh6 45. Rxh5+ Kg6 46.
g4 Ra8 47. Kg2 Ra3 48. Bf3 Ra8 49. g5 Rf8 50. Rh6+ 1-0

[Event "XXV Festival Conca della Presolana A"]
[Site "Bratto - Castione della Presolana ITA"]
[Date "2005.08.22"]
[Round "3"]
[White "Caruso, Augusto"]
[Black "Ticozzi, Stefano"]
[Result "1-0"]
[WhiteElo "2259"]
[BlackElo "2088"]
[PlyCount "57"]
[EventDate "2005.08.20"]

1. Nc3 c5 2. Nf3 Nf6 3. d4 cxd4 4. Nxd4 d6 5. g3 g6 6. Bg2 Bg7 7. Bg5 h6 8. Bd2
Qb6 9. Nb3 Nc6 10. a4 O-O 11. a5 Qc7 12. O-O a6 13. Na4 Be6 14. Nb6 Rab8 15.
Qc1 Kh7 16. Ra4 h5 17. h3 Nd7 18. Be3 Nxb6 19. axb6 Qd7 20. Rh4 f5 21. Rd1 Bxb3
22. cxb3 Bf6 23. Rc4 Rbc8 24. Rd2 Na5 25. Rxc8 Rxc8 26. Rc2 Nxb3 27. Rc7 Qe6
28. Qd1 Rb8 29. Bd5 1-0

[Event "XXV Festival Conca della Presolana A"]
[Site "Bratto - Castione della Presolana ITA"]
[Date "2005.08.22"]
[Round "3"]
[White "Castelfranchi, Carlo"]
[Black "Forato, Enrico"]
[Result "1-0"]
[WhiteElo "2073"]
[BlackElo "1974"]
[PlyCount "63"]
[EventDate "2005.08.20"]

1. e4 c5 2. Nf3 d6 3. d4 cxd4 4. Nxd4 Nf6 5. Nc3 e6 6. Be3 Nc6 7. Bc4 a6 8. Qe2
Qc7 9. Bb3 b5 10. O-O-O Be7 11. Rhg1 Na5 12. g4 b4 13. Ba4+ Bd7 14. g5 bxc3 15.
gxf6 cxb2+ 16. Kb1 Bxf6 17. Nxe6 fxe6 18. Qh5+ g6 19. Rxg6 hxg6 20. Qxg6+ Ke7
21. Bg5 Bxg5 22. Qg7+ Ke8 23. Qxh8+ Kf7 24. Qh5+ Kf6 25. e5+ dxe5 26. Rxd7 Qxd7
27. Bxd7 Rb8 28. Bxe6 Kxe6 29. Qxg5 Nc4 30. Qg4+ Kd5 31. Qd7+ Nd6 32. c4+ 1-0

[Event "XXV Festival Conca della Presolana A"]
[Site "Bratto - Castione della Presolana ITA"]
[Date "2005.08.22"]
[Round "3"]
[White "Cebalo, Miso"]
[Black "Castaldo, Folco"]
[Result "1/2-1/2"]
[WhiteElo "2511"]
[BlackElo "2352"]
[PlyCount "108"]
[EventDate "2005.08.20"]

1. d4 e6 2. c4 f5 3. g3 Nf6 4. Bg2 Be7 5. Nf3 O-O 6. O-O Ne4 7. b3 Bf6 8. Bb2
d6 9. Nbd2 Nc6 10. Rb1 Nxd2 11. Qxd2 e5 12. b4 e4 13. Ne1 d5 14. b5 Ne7 15.
cxd5 Qxd5 16. a4 Rd8 17. Nc2 c5 18. bxc6 Nxc6 19. Rfd1 Qa2 20. f3 exf3 21. Bxf3
Qxa4 22. Bc3 Ne5 23. Bg2 Nc4 24. Qc1 Nd6 25. Qb2 Qe8 26. Ba5 Rd7 27. Qb3+ Kh8
28. e3 Ne4 29. Rf1 b6 30. Be1 g6 31. Nb4 Bb7 32. Nd3 Bd5 33. Qb5 Rd6 34. Qb4
Rc6 35. g4 Rc2 36. Nf2 Qc6 37. Rb2 Rxb2 38. Qxb2 Nxf2 39. Qxf2 Bg7 40. gxf5 Rf8
41. Bxd5 Qxd5 42. Qg2 Qxg2+ 43. Kxg2 gxf5 44. Bb4 Re8 45. Bd2 Bh6 46. Rxf5 Bxe3
47. Bxe3 Rxe3 48. Rf7 Rd3 49. Rxa7 Rxd4 50. Rb7 Rb4 51. h4 h5 52. Kf3 Kg8 53.
Ke3 Kf8 54. Kd3 Ke8 1/2-1/2

[Event "XXV Festival Conca della Presolana A"]
[Site "Bratto - Castione della Presolana ITA"]
[Date "2005.08.22"]
[Round "3"]
[White "Cecchetto, Vanni"]
[Black "Gosio, Denis"]
[Result "1/2-1/2"]
[WhiteElo "2019"]
[BlackElo "2152"]
[PlyCount "67"]
[EventDate "2005.08.20"]

1. Nf3 Nf6 2. c4 e6 3. Nc3 b6 4. g3 Bb7 5. Bg2 Be7 6. O-O O-O 7. d4 Ne4 8. Qc2
Nxc3 9. Qxc3 f5 10. Ne5 Qc8 11. b4 Bxg2 12. Kxg2 Qb7+ 13. f3 d6 14. Nd3 g5 15.
Rb1 Bf6 16. Qb3 h6 17. c5 d5 18. Be3 b5 19. f4 c6 20. Ne5 Bxe5 21. dxe5 Qg7 22.
Kf2 Nd7 23. Bd4 Kf7 24. Rg1 Ke7 25. a4 a6 26. a5 Qg6 27. Qf3 g4 28. Qg2 Rh8 29.
Rh1 h5 30. Ke3 h4 31. Kd3 Rh6 32. Bf2 h3 33. Qg1 Rh5 34. Bd4 1/2-1/2

[Event "XXV Festival Conca della Presolana A"]
[Site "Bratto - Castione della Presolana ITA"]
[Date "2005.08.22"]
[Round "3"]
[White "Contin, Daniel"]
[Black "Salami, Marco"]
[Result "1-0"]
[WhiteElo "2393"]
[BlackElo "2221"]
[PlyCount "45"]
[EventDate "2005.08.20"]

1. d4 f5 2. g3 Nf6 3. Bg2 g6 4. Nh3 Bg7 5. Nf4 Nc6 6. d5 Ne5 7. h4 d6 8. Nc3 c6
9. h5 Qb6 10. Be3 Qa5 11. dxc6 bxc6 12. hxg6 h6 13. Bd4 Ne4 14. Nh5 Rg8 15.
Nxg7+ Rxg7 16. Rxh6 Rxg6 17. Rh8+ Kd7 18. Bxe4 fxe4 19. b4 Qxb4 20. Bxe5 Kc7
21. Qd2 a5 22. Rb1 e3 23. Qxe3 1-0

[Event "XXV Festival Conca della Presolana A"]
[Site "Bratto - Castione della Presolana ITA"]
[Date "2005.08.22"]
[Round "3"]
[White "Corvi, Marco"]
[Black "Mosca, Leonildo"]
[Result "1/2-1/2"]
[WhiteElo "2317"]
[BlackElo "2115"]
[PlyCount "94"]
[EventDate "2005.08.20"]

1. c4 e5 2. Nc3 Nc6 3. Nf3 g6 4. d4 exd4 5. Nxd4 Bg7 6. Nxc6 dxc6 7. Qxd8+ Kxd8
8. Bg5+ Ke8 9. O-O-O Be6 10. e4 Nf6 11. f3 Nd7 12. Nd5 cxd5 13. exd5 Nf8 14.
Re1 Kd7 15. g3 h5 16. dxe6+ Nxe6 17. Rd1+ Ke8 18. Re1 Bh6 19. Bxh6 Rxh6 20. Bh3
Ke7 21. Re5 Re8 22. Rhe1 Kf6 23. f4 Rhh8 24. Kc2 Ng7 25. Kc3 Rxe5 26. Rxe5 Rd8
27. Bg2 b6 28. c5 Ne6 29. cxb6 cxb6 30. Rd5 Rxd5 31. Bxd5 h4 32. Kc4 hxg3 33.
hxg3 Nc7 34. Be4 g5 35. fxg5+ Kxg5 36. Bf3 Kf5 37. Kd4 Ke6 38. Ke4 f6 39. Bg4+
Ke7 40. a3 Kd6 41. Be2 Ke6 42. Bd3 Kd6 43. Bc4 Ke7 44. Kf5 Ne8 45. Bd5 Nc7 46.
Bc6 Ne6 47. Ba4 Nc7 1/2-1/2

[Event "XXV Festival Conca della Presolana A"]
[Site "Bratto - Castione della Presolana ITA"]
[Date "2005.08.22"]
[Round "3"]
[White "D'Apa, Matteo"]
[Black "Radice, Luca"]
[Result "1/2-1/2"]
[WhiteElo "1995"]
[BlackElo "2100"]
[PlyCount "83"]
[EventDate "2005.08.20"]

1. d4 d6 2. c4 f5 3. Nc3 Nf6 4. Nf3 g6 5. Bg5 Bg7 6. e3 O-O 7. Bd3 Qe8 8. O-O
e5 9. dxe5 dxe5 10. e4 Na6 11. Re1 f4 12. Bxf6 Bxf6 13. Nd5 Bg4 14. Be2 Bxf3
15. Bxf3 c6 16. Nc3 Nc5 17. Bg4 Rd8 18. Qc2 h5 19. Bh3 Ne6 20. Bxe6+ Qxe6 21.
Qb3 f3 22. c5 Qxb3 23. axb3 Rd2 24. Rxa7 Be7 25. b4 Rxb2 26. Rb1 Rc2 27. Rxb7
Bg5 28. Nd1 fxg2 29. Kxg2 Bh4 30. Rc7 Bxf2 31. Nxf2 Rfxf2+ 32. Kg1 Rg2+ 33. Kh1
Rxh2+ 34. Kg1 Rcg2+ 35. Kf1 h4 36. Ra1 Rf2+ 37. Kg1 Rhg2+ 38. Kh1 h3 39. Ra8+
Rf8 40. Rxf8+ Kxf8 41. Rxc6 Rb2 42. Rxg6 1/2-1/2

[Event "XXV Festival Conca della Presolana A"]
[Site "Bratto - Castione della Presolana ITA"]
[Date "2005.08.22"]
[Round "3"]
[White "Di Donato, Giovanni"]
[Black "Tencati, Giuseppe"]
[Result "1-0"]
[WhiteElo "1999"]
[BlackElo "2109"]
[PlyCount "29"]
[EventDate "2005.08.20"]

1. e4 e6 2. d4 d5 3. e5 c5 4. c3 Nc6 5. Nf3 Qb6 6. a3 c4 7. Nbd2 Na5 8. Be2 Bd7
9. O-O Ne7 10. Ng5 h6 11. Nh3 Nb3 12. Nxb3 Ba4 13. Bg4 Qxb3 14. Qd2 Qc2 15. Bd1
1-0

[Event "XXV Festival Conca della Presolana A"]
[Site "Bratto - Castione della Presolana ITA"]
[Date "2005.08.22"]
[Round "3"]
[White "Femiano, Andrea"]
[Black "Ori, Marco"]
[Result "1/2-1/2"]
[WhiteElo "2177"]
[BlackElo "2087"]
[PlyCount "88"]
[EventDate "2005.08.20"]

1. e4 c6 2. d4 d5 3. Nc3 dxe4 4. Nxe4 Nd7 5. Nf3 Ngf6 6. Nxf6+ Nxf6 7. h3 Bf5
8. Bd3 Bxd3 9. Qxd3 e6 10. O-O Bd6 11. Re1 h6 12. Bd2 O-O 13. Rad1 Qc7 14. c4
Rad8 15. Qe2 c5 16. Bc3 cxd4 17. Nxd4 a6 18. Nf3 Be7 19. Ne5 Rxd1 20. Rxd1 Rd8
21. Rxd8+ Qxd8 22. Qf3 Qc7 23. Ng4 Nxg4 24. Qxg4 Bf8 25. Qd4 Qd6 26. Qxd6 Bxd6
27. b4 g6 28. c5 Bc7 29. a4 Kf8 30. Kf1 Ke8 31. Ke2 Kd7 32. Bd4 Kc6 33. Kd3 Kd5
34. Be3 h5 35. g4 hxg4 36. hxg4 e5 37. g5 e4+ 38. Kc3 Be5+ 39. Kb3 Bb8 40. b5
Bc7 41. Kb4 a5+ 42. Kb3 Bb8 43. Bd2 Bc7 44. Be3 Bb8 1/2-1/2

[Event "XXV Festival Conca della Presolana A"]
[Site "Bratto - Castione della Presolana ITA"]
[Date "2005.08.22"]
[Round "3"]
[White "Gardi, Giuseppe"]
[Black "Gasperoni, Stefano"]
[Result "1-0"]
[WhiteElo "2099"]
[BlackElo "2021"]
[PlyCount "59"]
[EventDate "2005.08.20"]

1. d4 Nf6 2. Nf3 e6 3. e3 b6 4. Bd3 Bb7 5. O-O Be7 6. b3 O-O 7. Bb2 d5 8. Nbd2
Nbd7 9. Qe2 Ne4 10. Rac1 c5 11. Rfd1 Bf6 12. Ne5 Nxd2 13. Rxd2 g6 14. f4 Bg7
15. c4 Rc8 16. cxd5 Nxe5 17. dxe5 exd5 18. Rcd1 Qc7 19. Ba6 Rfd8 20. Bxb7 Qxb7
21. Qf3 Qa6 22. a3 Qb5 23. Rxd5 Rxd5 24. Qxd5 Qe2 25. Qd2 Qb5 26. Qd7 Qe2 27.
Qxc8+ Bf8 28. Qd7 Qxb2 29. e6 Qxb3 30. Qxf7+ 1-0

[Event "XXV Festival Conca della Presolana A"]
[Site "Bratto - Castione della Presolana ITA"]
[Date "2005.08.22"]
[Round "3"]
[White "Godena, Michele"]
[Black "Qendro, Llambi"]
[Result "1/2-1/2"]
[WhiteElo "2522"]
[BlackElo "2357"]
[PlyCount "66"]
[EventDate "2005.08.20"]

1. e4 g6 2. d4 Bg7 3. Nf3 d6 4. c3 Nf6 5. Bd3 O-O 6. O-O Nc6 7. Re1 e5 8. h3
Re8 9. Na3 exd4 10. cxd4 Nb4 11. Bb1 a5 12. Nb5 Bd7 13. Nc3 h6 14. a3 Nc6 15.
Ba2 a4 16. Bf4 g5 17. Bxg5 hxg5 18. Nxg5 d5 19. e5 Nh7 20. Nxh7 Kxh7 21. Qh5+
Kg8 22. Nxd5 Re6 23. Nf6+ Rxf6 24. exf6 Qxf6 25. Rac1 Nxd4 26. Rxc7 Be6 27.
Bxe6 Nxe6 28. Rxb7 Rc8 29. Qg4 Rc2 30. Rb8+ Nf8 31. Ree8 Qxf2+ 32. Kh2 Kh7 33.
Rb5 Ng6 1/2-1/2

[Event "XXV Festival Conca della Presolana A"]
[Site "Bratto - Castione della Presolana ITA"]
[Date "2005.08.22"]
[Round "3"]
[White "Hunt, Adam C."]
[Black "Epishin, Vladimir V."]
[Result "0-1"]
[WhiteElo "2427"]
[BlackElo "2600"]
[PlyCount "106"]
[EventDate "2005.08.20"]

1. e4 c5 2. Nf3 d6 3. d4 cxd4 4. Nxd4 Nf6 5. Nc3 Nc6 6. Be2 g6 7. O-O Bg7 8.
Be3 O-O 9. Kh1 Nxd4 10. Bxd4 b6 11. f4 Bb7 12. Bf3 Rc8 13. Qd3 Rc7 14. Nb5 Rd7
15. c4 e5 16. Be3 Re8 17. Nc3 Rde7 18. fxe5 Rxe5 19. Bf4 R5e6 20. Rae1 Nd7 21.
Qd2 Bxc3 22. Qxc3 Qf6 23. Qd2 Bxe4 24. Bg4 Bf5 25. Bg3 Rxe1 26. Bxe1 Nc5 27.
Bxf5 gxf5 28. Qf4 Qg6 29. Bc3 h6 30. Qxf5 Qxf5 31. Rxf5 Na4 32. h3 Nxc3 33.
bxc3 Re4 34. Rf6 Kg7 35. Rxd6 Rxc4 36. Rd3 Ra4 37. Rd2 b5 38. Kg1 Ra3 39. Rd5
a6 40. Rd6 Rxa2 41. Rb6 h5 42. h4 f6 43. Rc6 Kg6 44. c4 b4 45. Rb6 a5 46. Rb5
Kf7 47. Kh2 Ke6 48. Rxh5 a4 49. Rb5 b3 50. h5 Rc2 51. Rb4 b2 52. h6 Kf7 53.
Rb7+ Kg8 0-1